| 000 | 01347nam a2200241Ia 4500 | ||
|---|---|---|---|
| 003 | Ost | ||
| 005 | 20260416102354.0 | ||
| 008 | 260416s9999||||xx |||||||||||||| ||und|| | ||
| 040 | _cfsecg | ||
| 041 | _aara | ||
| 082 | _a658.8 | ||
| 100 |
_aبربارة، دليلة _eمؤلف |
||
| 245 | 0 |
_aالتسويق الدولي / _c دليلة بربارة |
|
| 260 |
_aالجزائر _bجامعة الجزائر3: كلية العلوم الإقتصادية، العلوم التجارية وعلوم التسيير _c2019 |
||
| 300 |
_a137 ورقة _bايضاحات _c30 سم |
||
| 504 | _aمراجع ص.132 | ||
| 520 | _aمدخل عام للتسويق الدولي، التسويق العالمي، أسباب و مخاطر تدويل المؤسسة لأنشطتها، تجزئة الأسواق الدولية، التشخيص الداخلي للمؤسسة، دراسة البيئة الدولية، دراسة السوق الدولية، طرق الدخول الى الاسواق الدولية، الاستراتيجيات التسويقية الدولية. | ||
| 653 | _aالاسواق | ||
| 653 | _aالتسويق | ||
| 653 | _aالتسويق الدولي | ||
| 710 |
_aجامعة الجزائر3: كلية العلوم الإقتصادية، العلوم التجارية وعلوم التسيير _eناشر علمي |
||
| 942 | _cHANDOUT | ||
| 999 |
_c41143 _d41143 |
||